Language Quiz

Random Language or Latin Quiz

Animals in Latin Quiz Stats

 Plays Quiz Updated Apr 30, 2019

Score 0/20 Timer 05:00
1 Play Today
Latin English % Correct
leolion
98.7%
canisdog
98%
tigristiger
97.4%
piscisfish
95.6%
rattusrat
94.5%
feliscat
93.4%
taurusbull
92.8%
avisbird
90.7%
equushorse
90.2%
cancercrab
83.1%
Latin English % Correct
capragoat
66%
ariesram
65.6%
musmouse
63.1%
balaenawhale
50.2%
suspig
38.3%
camelopardalisgiraffe
29.5%
phocaseal
19.2%
pistrixshark
18.9%
buboowl
17.2%
sciurussquirrel
16.5%

You're not logged in!

Compare scores with friends on all Sporcle quizzes.
OR
Log In

Sporcle TV

Today on Sporcle TV


Watch our educational content, quiz creation guides, and fun videos on Sporcle TV.

Show Comments

Extras

Top Quizzes Today


Score Distribution

Your Account Isn't Verified!

In order to create a playlist on Sporcle, you need to verify the email address you used during registration. Go to your Sporcle Settings to finish the process.

Report this User

Report this user for behavior that violates our Community Guidelines.

Details: